| 000 | 01126 a2200265 4500 | ||
|---|---|---|---|
| 003 | Nust | ||
| 005 | 20170207153458.0 | ||
| 010 | _a 76045166 | ||
| 020 | _a0837193036 | ||
| 040 | _cNust | ||
| 082 | 0 | 0 | _a940.53 |
| 100 | 1 | _aInoguchi, Rikihei. | |
| 245 | 1 | 4 |
_aThe divine wind : _bJapan's Kamikaze Force in World War II / _cRikihei Inoguchi and Tadashi Nakajima, with Roger Pineau ; foreword by C. R. Brown. |
| 260 |
_aWestport, Conn. : _bGreenwood Press, _c1978. |
||
| 300 |
_a224 p., [12] leaves of plates : _bill. ; _c23 cm. |
||
| 500 | _aIncludes index. | ||
| 500 | _aReprint of the 1959 ed. published by Hutchinson, London. | ||
| 500 | _aTranslation of Kamikaze Tokubetsu K寧ekitai. | ||
| 505 | _aBirth Of The Kamikaze (Page-25) Kamikaze Operations In The Philippines (Page-59) Special Attack Units In Formosa (Page-119) The Islands Of Japan (Page-131) The Divine Wind (Page-165) | ||
| 538 | _aAlmirah No.61 Shelf No.2 | ||
| 610 | 1 | 0 |
_aJapan. _bKaigun. _bKamikaze Tokubetsu K寧ekitai. |
| 650 | 0 |
_aWorld War, 1939-1945 _xAerial operations, Japanese. |
|
| 700 | 1 | _aNakajima, Tadashi, | |
| 700 | 1 |
_aPineau, Roger, _d1916- |
|
| 942 |
_2ddc _cBK |
||
| 999 |
_c187215 _d187215 |
||